| 000 | 00964nam a2200205Ia 4500 | ||
|---|---|---|---|
| 999 |
_c7946 _d7946 |
||
| 005 | 20230426171126.0 | ||
| 008 | 230425s9999 xx 000 0 und d | ||
| 020 | _a9789700775920 | ||
| 040 |
_aUPAN _cBiblioteca San Vicente _eRCAA2 |
||
| 041 | _aspa | ||
| 082 |
_a340.54 _bB576p |
||
| 100 |
_aBialostosky, Sara _4aut. |
||
| 245 | 0 |
_aPanorama del derecho romano/ _bSara Bialostosky |
|
| 250 | _a9° ed. | ||
| 260 |
_aMexico: _bPorrúa, _c2009 |
||
| 300 |
_a302 p.: _c23 cm. |
||
| 505 | _aCapitulo I. Nociones preliminares Capitulo II. Periodizaciòn polìtica-jurìdica Capitulo III. Sujetos de Derecho Capitulo IV. La Familia Capitulo V. Defensa de los derechos y el Proceso Civil Romano Capitulo VI. Derechos Reaes Capitulo VII. Obligaciones Capitulo VIII. Contratos Capitulo IX. Contratos innminados y pactos Capitulo X. Cuasicontratos Capitulo XI. Delitos y Cuasidelitos Capitulo XII. Sucesiones | ||
| 650 |
_2LEMB _aDerecho |
||
| 942 |
_cBK _2ddc |
||